'A'-Less European Countries Quiz Stats

Quiz Updated Jul 13, 2016

Challenge
Share
Tweet
Embed
Score 0/10 Timer 03:00
9 Plays Today
Country % Correct
Sweden
93.3%
Greece
90.2%
Belgium
83.8%
Turkey
83.3%
United Kingdom
81.4%
Luxembourg
80.1%
Cyprus
74.9%
Liechtenstein
73.8%
Kosovo
68.6%
Montenegro
62.4%

You're not logged in!

Compare scores with friends on all Sporcle quizzes.
Sign Up with Email
OR
Log In

You Might Also Like...

Show Comments

Extras

Top Quizzes Today


Score Distribution

Your Account Isn't Verified!

In order to create a playlist on Sporcle, you need to verify the email address you used during registration. Go to your Sporcle Settings to finish the process.